Identification and mapping of natural rubber plantations and potential areas for its cultivation in Assam using remote sensing technology (Record no. 49471)

MARC details
000 -LEADER
fixed length control field 00665nam a2200229Ia 4500
100 ## - MAIN ENTRY--AUTHOR NAME
Personal name Pradeep B
245 #0 - TITLE STATEMENT
Title Identification and mapping of natural rubber plantations and potential areas for its cultivation in Assam using remote sensing technology
260 ## - PUBLICATION, DISTRIBUTION, ETC. (IMPRINT)
Name of publisher Rubber Science
Year of publication 2017
300 ## - PHYSICAL DESCRIPTION
Number of Pages 244-254
650 ## - SUBJECT ADDED ENTRY--TOPICAL TERM
Topical Term Natural rubber
650 ## - SUBJECT ADDED ENTRY--TOPICAL TERM
Topical Term North-east India
650 ## - SUBJECT ADDED ENTRY--TOPICAL TERM
Topical Term Remote sensing
650 ## - SUBJECT ADDED ENTRY--TOPICAL TERM
Topical Term Satellite images
650 ## - SUBJECT ADDED ENTRY--TOPICAL TERM
Topical Term Spectral signature
700 ## - ADDED ENTRY--PERSONAL NAME
Personal name Anand S.S
700 ## - ADDED ENTRY--PERSONAL NAME
Personal name Annamalainathan K
700 ## - ADDED ENTRY--PERSONAL NAME
Personal name Jacob J
700 ## - ADDED ENTRY--PERSONAL NAME
Personal name Meti S
700 ## - ADDED ENTRY--PERSONAL NAME
Personal name Shebin S.M
942 ## - ADDED ENTRY ELEMENTS (KOHA)
Koha item type Bibliography STAF
Holdings
Withdrawn status Lost status Damaged status Not for loan Home library Current library Shelving location Date acquired Serial Enumeration / chronology Koha item type
      Bibliography RRII Library RRII Library Climate change 01/01/2021 Volume 30, Issue 3 Bibliography STAF